Poesías

Furkejuvvon:
Bibliográfalaš dieđut
Váldodahkki: Aldana, Francisco de
Materiálatiipa: Girji
Giella:Undetermined
Almmustuhtton: Madrid, España Espasa-Calpe 1966
Fáttát:
Fáddágilkorat: Lasit fáddágilkoriid
Eai fáddágilkorat, Lasit vuosttaš fáddágilkora!

MARC

LEADER 00000nam a2200000Ia 4500
008 170316s9999 xx 000 0 und d
040 |a Biblioteca Virginia Zúñiga Tristán 
090 |a 862 A-14p 
100 |a Aldana, Francisco de 
245 |a Poesías 
260 |a Madrid, España 
260 |b Espasa-Calpe 
260 |c 1966 
300 |a 151 páginas 
546 |a Español 
650 |a LITERATURA ESPAÑOLA 
999 |c 9365  |d 9365 
040 |a cru BVZT 
942 |c 15 D  |h 862 A-14p  |2 z